Труды Исторического факультета МГУ. 166: Конфессиональное образование в Дагестане в общероссийском образовательном контексте (Запись № 12722423)

Подробности
000 -МАРКЕР
контрольное поле 02741nam2a2200361 4500
001 - ИДЕНТИФИКАТОР ЗАПИСИ
контрольное поле RU\NLR\BIBL_A\012649666
005 - ИДЕНТИФИКАТОР ВЕРСИИ
контрольное поле 20240710151211.0
010 ## - МЕЖДУНАРОДНЫЙ СТАНДАРТНЫЙ НОМЕР КНИГИ (ISBN)
Номер (ISBN) 978-5-00165-118-5
035 ## - ДРУГИЕ СИСТЕМНЫЕ НОМЕРА
Идентификатор записи (NLR Aleph) 012649666
100 ## - ДАННЫЕ ОБЩЕЙ ОБРАБОТКИ
Данные общей обработки 20211124d2020 y0rusy50 ca
101 0# - ЯЗЫК РЕСУРСА
Язык текста, звукозаписи и т.д. русский
102 ## - СТРАНА ПУБЛИКАЦИИ ИЛИ ПРОИЗВОДСТВА
Страна публикации Российская Федерация
105 ## - ПОЛЕ КОДИРОВАННЫХ ДАННЫХ: ТЕКСТОВЫЕ МАТЕРИАЛЫ, МОНОГРАФИЧЕСКИЕ
Кодированные данные о монографическом текстовом документе a z 000yy
200 1# - ЗАГЛАВИЕ И СВЕДЕНИЯ ОБ ОТВЕТСТВЕННОСТИ
Основное заглавие Конфессиональное образование в Дагестане в общероссийском образовательном контексте
Сведения, относящиеся к заглавию история и современность
Первые сведения об ответственности С.И. Муртузалиев, П.Ф. Рагимова
210 ## - ПУБЛИКАЦИЯ, РАСПРОСТРАНЕНИЕ И ДР.
Дата издания, распространения и т.д. 2020
215 ## - ФИЗИЧЕСКАЯ ХАРАКТЕРИСТИКА
Специфическое обозначение материала и объем 298 с.
Другие сведения о физической характеристике ил.
Размеры 21
225 2# - СЕРИЯ
Основное заглавие серии Труды исторического факультета МГУ
Обозначение тома 166
Обозначение или номер части Серия 2
Наименование части Исторические исследования
Обозначение тома 105
320 ## - ПРИМЕЧАНИЯ О НАЛИЧИИ В ДОКУМЕНТЕ БИБЛИОГРАФИИ / УКАЗАТЕЛЯ
Текст примечания Библиогр. в конце ст.
461 #0 - УРОВЕНЬ НАБОРА
Встроенное поле 001RU\NLR\INFOCOMM55\1000049150
-- 2001#$aТруды Исторического факультета МГУ$eИнформ.-аналит. бюл. Центра теорет. пробл. ист. науки$fМГУ им. М.В. Ломоносова. Ист. фак.$v166
Системный номер (АБИС) связанной записи 3059963
Автор МГУ им. М. В. Ломоносова. Исторический факультет
Место публикации М.
Дата публикации 1998 -
Первые сведения об ответственности МГУ им. М.В. Ломоносова. Ист. фак.
Имя издателя, распространителя и т.д. МГУ
Сведения, относящиеся к заглавию Информ.-аналит. бюл. Центра теорет. пробл. ист. науки
Заглавие Труды Исторического факультета МГУ
Номер тома 166
462 #0 - УРОВЕНЬ ПОДНАБОРА
Встроенное поле 001RU\NLR\INFOCOMM16\1000047289
-- 2001#$aТруды Исторического факультета МГУ$hСерия 2$iИсторические исследования$v105
Системный номер (АБИС) связанной записи 3041271
Автор МГУ им. М. В. Ломоносова. Исторический факультет
Место публикации М.
Дата публикации 1999 -
Номер части Серия 2
Заглавие части Исторические исследования
Имя издателя, распространителя и т.д. Изд-во Моск. ун-та
Заглавие Труды Исторического факультета МГУ. - Труды Исторического факультета МГУ
Номер тома 105
606 1# - НАИМЕНОВАНИЕ ТЕМЫ КАК ПРЕДМЕТ
Наименование темы Образование
Тематический подзаголовок История
Географический подзаголовок Дагестан
Системный номер авторитетной/нормативной записи 2605428
Идентификатор авторитетной/нормативной записи RU\NLR\AUTH\661541986
606 1# - НАИМЕНОВАНИЕ ТЕМЫ КАК ПРЕДМЕТ
Наименование темы Исламское образование
Географический подзаголовок Дагестан, Республика
Системный номер авторитетной/нормативной записи 2419837
Идентификатор авторитетной/нормативной записи RU\NLR\AUTH\6601659845
686 1# - ИНДЕКСЫ ДРУГИХ КЛАССИФИКАЦИЙ
Индекс Ч34(2Р37-6Д)
686 1# - ИНДЕКСЫ ДРУГИХ КЛАССИФИКАЦИЙ
Индекс Ч33(2Р37-6Д)
686 1# - ИНДЕКСЫ ДРУГИХ КЛАССИФИКАЦИЙ
Индекс Э38-39(2Р37-6Д)-67
700 #1 - ИМЯ ЛИЦА - ПЕРВИЧНАЯ ОТВЕТСТВЕННОСТЬ
Графика поля Кириллица
Материалы, к которым относится поле rus
Начальный элемент ввода Муртузалиев
Часть имени, кроме начального элемента ввода С. И.
Даты 1947-
Расширение инициалов личного имени Сергей Ибрагимович
Системный номер авторитетной/нормативной записи 107490
Идентификатор авторитетной/нормативной записи RU\NLR\AUTH\77124565
701 #1 - ИМЯ ЛИЦА - АЛЬТЕРНАТИВНАЯ ОТВЕТСТВЕННОСТЬ
Начальный элемент ввода Рагимова
Часть имени, кроме начального элемента ввода П. Ф.
Расширение инициалов личного имени Периханум Ферезуллаевна
852 ## - МЕСТОНАХОЖДЕНИЕ И ШИФР ХРАНЕНИЯ
Идентификатор организации NLR
Шифр хранения (Call Number) П22/7167
942 ## - ДОПОЛНИТЕЛЬНЫЕ ЭЛЕМЕНТЫ ЗАПИСИ (АБИС)
Тип экземпляра АБИС Выпуск
980 ## - КОЛЛЕКЦИЯ
Название коллекции Национальная библиография
980 ## - КОЛЛЕКЦИЯ
Название коллекции Русская периодика

Нет доступных экземпляров.